[Event "AUTO-OPEN-3460"]
[Site "http://www.queenalice.com/game.php?id=1350871"]
[Date "2015.3.31"]
[Round "1"]
[White "DORLISS"]
[Black "ludimad"]
[Result "0-1"]
[WhiteElo "1494"]
[BlackElo "1481"]

1. e4 e5 2. Nf3 Nc6 3. Bb5 a6 4. Ba4 b5 5. Bb3 d6 6. O-O Nf6 7. h3 Be7 8. Re1
O-O 9. d4 exd4 10. Nxd4 Nxd4 11. Qxd4 c5 12. Qd3 c4 13. Bxc4 bxc4 14. Qxc4 d5
15. exd5 Nxd5 16. Nd2 Be6 17. Qe2 Nb4 18. Nf3 Re8 19. Bd2 Nxc2 20. Bc3 Nxa1 21.
Qe5 Bf6 22. Qh5 Bg4 23. Qxg4 Rxe1+ 24. Nxe1 Bxc3 25. bxc3 g6 26. Nf3 Nc2 27. Ng5
Qd5 28. Qh4 h5 29. Ne4 Kf8 30. Nf6 Qc6 31. Qg3 Qxf6 0-1

[Event "AUTO-OPEN-3460"]
[Site "http://www.queenalice.com/game.php?id=1350872"]
[Date "2015.3.31"]
[Round "1"]
[White "ludimad"]
[Black "DORLISS"]
[Result "0-1"]
[WhiteElo "1437"]
[BlackElo "1546"]

1. g3 e5 2. e4 Nc6 3. Nf3 d5 4. exd5 Nb4 5. c4 e4 6. Nh4 Nf6 7. a3 Nd3+ 8. Bxd3
exd3 9. Qf3 Qe7+ 10. Kd1 Bg4 11. Qxg4 Nxg4 12. Re1 Ne5 13. Nf3 O-O-O 14. Rxe5
Qc5 15. Ke1 Bd6 16. Re3 Rde8 17. Rxe8+ Rxe8+ 18. Kf1 Re2 19. Nc3 Qxf2# 0-1

[Event "AUTO-OPEN-3460"]
[Site "http://www.queenalice.com/game.php?id=1350893"]
[Date "2015.3.31"]
[Round "1"]
[White "belzinha"]
[Black "ludimad"]
[Result "1-0"]
[WhiteElo "1728"]
[BlackElo "1422"]

1. e4 c5 2. Bc4 Nc6 3. Qf3 e6 4. Ne2 Nd4 5. Nxd4 cxd4 6. d3 d5 7. exd5 Nf6 8.
Bg5 Be7 9. O-O exd5 10. Bb5+ Bd7 11. Na3 O-O 12. Bxd7 Qxd7 13. Bxf6 Bxf6 14.
Rfe1 1-0

[Event "AUTO-OPEN-3460"]
[Site "http://www.queenalice.com/game.php?id=1350894"]
[Date "2015.3.31"]
[Round "1"]
[White "ludimad"]
[Black "belzinha"]
[Result "0-1"]
[WhiteElo "1490"]
[BlackElo "1699"]

1. e4 e5 2. Nf3 Nf6 3. Nxe5 Nxe4 4. Qf3 Nf6 5. d4 d6 6. Bb5+ c6 7. Nxc6 bxc6 8.
Bxc6+ Nxc6 9. Qxc6+ Bd7 10. Qf3 Qe7+ 11. Be3 Rc8 12. c3 Bg4 0-1

[Event "AUTO-OPEN-3460"]
[Site "http://www.queenalice.com/game.php?id=1350907"]
[Date "2015.3.31"]
[Round "1"]
[White "ludimad"]
[Black "NickThorp"]
[Result "1-0"]
[WhiteElo "1411"]
[BlackElo "1667"]

1. c4 e5 2. Nc3 Bb4 3. Qc2 d6 4. e4 Nf6 5. Nf3 Bg4 6. d4 Bxc3+ 7. Qxc3 O-O 8.
Bg5 exd4 9. Nxd4 Nxe4 10. Bxd8 Nxc3 11. bxc3 Rxd8 12. Nb5 c6 13. Nc7 Na6 14.
Nxa8 Rxa8 15. f3 Bf5 16. Be2 Re8 17. Kf2 Nc5 18. Rad1 Rd8 19. Rd2 a5 20. Rhd1 h6
21. Rxd6 Rxd6 22. Rxd6 Nd7 23. f4 b6 24. Rxc6 Kf8 25. g4 Be4 26. Rd6 Nf6 27.
Rxb6 a4 28. c5 Nd5 29. Rb8+ Ke7 30. c6 Nxc3 31. c7 Nxa2 32. c8=Q a3 33. Qe8+ 1-0

[Event "AUTO-OPEN-3460"]
[Site "http://www.queenalice.com/game.php?id=1350908"]
[Date "2015.3.31"]
[Round "1"]
[White "NickThorp"]
[Black "ludimad"]
[Result "0-1"]
[WhiteElo "1696"]
[BlackElo "1382"]

1. e4 e5 2. Nf3 Nc6 3. Bb5 Nd4 4. Nxd4 exd4 5. O-O a6 6. Bc4 d6 7. d3 Nf6 8. Bg5
Be6 9. Bxe6 fxe6 10. Qf3 h6 11. Bxf6 gxf6 12. Qh5+ Kd7 13. Qf7+ Qe7 14. Qh5 c5
15. Nd2 Qg7 16. Nf3 Rg8 17. g3 c4 18. dxc4 Rc8 19. b3 Rc5 20. Nxd4 Rxh5 21. a4
f5 22. Ne2 fxe4 23. Nf4 Rf5 24. Rad1 Rxf4 25. Kh1 e3 26. fxe3 Rxf1+ 27. Rxf1 h5
28. h4 Qxg3 29. Rf7+ Ke8 30. Rxf8+ Kxf8 31. e4 Qg1# 0-1

[Event "AUTO-INT-2978"]
[Site "http://www.queenalice.com/game.php?id=1350927"]
[Date "2015.3.31"]
[Round "1"]
[White "SunKite"]
[Black "ludimad"]
[Result "1-0"]
[WhiteElo "1662"]
[BlackElo "1429"]

1. e4 g6 2. Qf3 d6 3. Bc4 Nf6 4. h3 e5 5. g4 Bh6 6. Ne2 O-O 7. Rg1 Bg5 8. d4
Bxc1 9. Nxc1 exd4 10. g5 Nxe4 11. Qxe4 Re8 12. Rg4 Rxe4+ 13. Rxe4 Qxg5 14. Re8+
Kg7 15. Ne2 Bxh3 16. Nd2 b5 17. Bb3 Bd7 18. Ne4 Qh4 19. Bd5 Bxe8 20. O-O-O Qxf2
21. Nxf2 Nc6 22. a3 Rb8 23. Nxd4 Nxd4 24. Rxd4 c5 25. Rf4 f5 26. Nh3 h6 27. Be6
g5 28. Rxf5 g4 29. Nf4 h5 30. Nxh5+ Kg6 31. Nf4+ Kh7 32. Rd5 g3 33. Rxd6 b4 34.
axb4 Rxb4 35. Ne2 g2 36. Bf5+ Kg7 37. Rd1 Bh5 38. Kd2 Bxe2 39. Kxe2 Kf6 40. Bh3
Rxb2 41. Rd6+ Ke5 42. Re6+ 1-0

[Event "AUTO-INT-2978"]
[Site "http://www.queenalice.com/game.php?id=1350928"]
[Date "2015.3.31"]
[Round "1"]
[White "ludimad"]
[Black "SunKite"]
[Result "1-0"]
[WhiteElo "1472"]
[BlackElo "1684"]

1. d4 e6 2. Nf3 Qf6 3. e4 d5 4. Bd3 h6 5. c4 c6 6. Qa4 b5 7. cxb5 Bd7 8. Ne5 Ne7
9. b6 a6 10. g3 c5 11. Nxd7 Nxd7 12. Bb5 Rd8 13. Bxd7+ Rxd7 14. O-O Qxd4 15.
Qxa6 dxe4 16. b7 Rxb7 17. Qxb7 f5 18. Nc3 Kf7 19. Be3 Qe5 20. Rad1 c4 21. Rd7 g5
22. f4 gxf4 23. Bxf4 Qf6 24. g4 fxg4 25. Bd6 Qxf1+ 26. Kxf1 Kf6 27. Bxe7+ Kf5
28. Qxe4# 1-0

[Event "AUTO-INT-2978"]
[Site "http://www.queenalice.com/game.php?id=1350941"]
[Date "2015.3.31"]
[Round "1"]
[White "ludimad"]
[Black "nuage"]
[Result "1-0"]
[WhiteElo "1425"]
[BlackElo "1616"]

1. c4 Nf6 2. d4 g6 3. Nf3 Bg7 4. Nc3 O-O 5. e3 d6 6. Bd2 Bg4 7. h4 h5 8. Qb3 Nc6
9. Qxb7 Na5 10. Qa6 c6 11. c5 d5 12. Nxd5 cxd5 13. Bxa5 Qb8 14. b3 Ne4 15. c6
Rc8 16. Rc1 Nd6 17. Rc5 e6 18. c7 Rxc7 19. Bxc7 Qb4+ 20. Nd2 Ne4 21. Rc2 e5 22.
Bxe5 Bxe5 23. dxe5 Bc8 24. Rxc8+ Rxc8 25. Qxc8+ Kg7 26. Qc2 d4 27. Qxe4 Qc3 28.
exd4 Qa1+ 29. Nb1 Qxa2 30. Bc4 Qa5+ 31. Ke2 Qa2+ 32. Kf3 Qa5 33. Qd5 Qa2 34.
Qxf7+ Kh6 35. Qf8+ Kh7 36. e6 Qa5 37. e7 1-0

[Event "AUTO-INT-2978"]
[Site "http://www.queenalice.com/game.php?id=1350942"]
[Date "2015.3.31"]
[Round "1"]
[White "nuage"]
[Black "ludimad"]
[Result "0-1"]
[WhiteElo "1614"]
[BlackElo "1449"]

1. Nf3 f5 2. d3 Nf6 3. g3 d6 4. Bg2 e5 5. Bg5 Be6 6. O-O e4 7. dxe4 fxe4 8. Nd4
Qd7 9. Bxf6 gxf6 10. Bxe4 c5 11. Nf3 d5 12. Bxd5 Bxd5 13. Nh4 Nc6 14. Nc3 Nb4
15. e4 Bc6 16. a3 Na6 17. Qxd7+ Bxd7 18. Nd5 Kf7 19. c4 Be6 20. Rad1 Bxd5 21.
Rxd5 b6 22. Rd7+ Ke6 23. Rfd1 Nb8 24. R7d5 Rg8 25. Rf5 Nc6 26. Rd7 Ne7 27. Rd6+
Kxd6 28. Rxf6+ Kd7 29. e5 Rg4 30. e6+ Kc6 31. b3 Rxh4 32. gxh4 Kd6 33. f4 Ng8
34. e7+ Kxe7 35. Rc6 Bh6 36. f5 Rf8 37. Re6+ Kd7 38. Re5 Ne7 39. f6 Rxf6 40. Kg2
Ng6 41. Rd5+ Rd6 42. Rh5 Nf4+ 43. Kg3 Nxh5+ 44. Kg4 Nf4 45. Kf5 Rd3 0-1

[Event "AUTO-INT-2978"]
[Site "http://www.queenalice.com/game.php?id=1350943"]
[Date "2015.3.31"]
[Round "1"]
[White "ludimad"]
[Black "belzinha"]
[Result "0-1"]
[WhiteElo "1498"]
[BlackElo "1691"]

1. e3 e5 2. h3 Bc5 3. Nc3 Nf6 4. d4 exd4 5. exd4 Bb4 6. Nf3 Nc6 7. Bd2 d5 8.
Qe2+ Qe7 9. Ne5 Nxd4 10. Nxd5 Nxd5 11. Nxf7 Qxe2+ 12. Bxe2 Kxf7 0-1

[Event "AUTO-INT-2978"]
[Site "http://www.queenalice.com/game.php?id=1350944"]
[Date "2015.3.31"]
[Round "1"]
[White "belzinha"]
[Black "ludimad"]
[Result "1-0"]
[WhiteElo "1707"]
[BlackElo "1482"]

1. e4 e5 2. Bb5 a6 3. Bc4 Nf6 4. d3 Bc5 5. Nf3 Nc6 6. Nc3 Bb4 7. Ng5 d5 8. exd5
Bxc3+ 9. bxc3 b5 10. Bb3 Ne7 11. d6 cxd6 12. Nxf7 1-0

[Event "Challenge"]
[Site "http://www.queenalice.com/game.php?id=1356331"]
[Date "2015.4.28"]
[Round "-"]
[White "glaubergouveia"]
[Black "ludimad"]
[Result "1-0"]
[WhiteElo "1524"]
[BlackElo "1496"]

1. e4 g6 2. Bc4 d6 3. Qf3 Nf6 4. d4 e5 5. h3 exd4 6. g4 Bg7 7. g5 O-O 8. gxf6
Bxf6 9. h4 Bxh4 10. Bh6 Nc6 11. Bxf8 Kxf8 12. Qxf7# 1-0

[Event "AUTO-OPEN-3483"]
[Site "http://www.queenalice.com/game.php?id=1360156"]
[Date "2015.5.18"]
[Round "1"]
[White "josebaron"]
[Black "ludimad"]
[Result "1-0"]
[WhiteElo "1948"]
[BlackElo "1473"]

1. e4 b5 2. Bxb5 c6 3. Bc4 e6 4. d4 d6 5. Nf3 d5 6. exd5 cxd5 7. Bb5+ Bd7 8.
Bxd7+ Nxd7 9. O-O h6 10. Ne5 Nxe5 11. dxe5 Qc7 12. f4 Ne7 13. c3 Nf5 14. Qa4+
Kd8 15. Qd1 1-0

[Event "AUTO-OPEN-3483"]
[Site "http://www.queenalice.com/game.php?id=1360157"]
[Date "2015.5.18"]
[Round "1"]
[White "ludimad"]
[Black "josebaron"]
[Result "0-1"]
[WhiteElo "1475"]
[BlackElo "1946"]

1. c4 e5 2. Nc3 Nf6 3. Nf3 d6 4. d4 exd4 5. Nxd4 Be7 6. e3 O-O 7. Bd3 c6 8. h3
Re8 9. g4 h6 10. Bf5 Bxf5 11. Nxf5 Bf8 12. g5 hxg5 13. e4 Nxe4 14. Nxe4 Rxe4+
0-1

[Event "AUTO-INT-2999"]
[Site "http://www.queenalice.com/game.php?id=1360475"]
[Date "2015.5.19"]
[Round "1"]
[White "TheOperator"]
[Black "ludimad"]
[Result "1-0"]
[WhiteElo "1545"]
[BlackElo "1452"]

1. e4 e5 2. Nc3 Nc6 3. Nf3 Nge7 4. Bc4 d6 5. O-O g6 6. Ng5 Bh6 7. Nxf7 Qd7 8.
Nxh8 d5 9. exd5 Bg7 10. Nxg6 Nxg6 11. Qh5 1-0

[Event "AUTO-INT-2999"]
[Site "http://www.queenalice.com/game.php?id=1360476"]
[Date "2015.5.19"]
[Round "1"]
[White "ludimad"]
[Black "TheOperator"]
[Result "0-1"]
[WhiteElo "1440"]
[BlackElo "1557"]

1. c4 e5 2. Nc3 Nc6 3. e3 Nf6 4. d4 d5 5. cxd5 exd4 6. exd4 Ne7 7. Bg5 Nexd5 8.
Bxf6 gxf6 9. Bc4 Nb6 10. Bb3 Bd7 0-1

[Event "AUTO-INT-2999"]
[Site "http://www.queenalice.com/game.php?id=1360495"]
[Date "2015.5.19"]
[Round "1"]
[White "ludimad"]
[Black "daniel0176"]
[Result "0-1"]
[WhiteElo "1471"]
[BlackElo "1616"]

1. h3 e5 2. e4 Nf6 3. Nc3 Bb4 4. Nf3 O-O 5. d4 exd4 6. Nxd4 Nxe4 7. Bd2 Nxc3 8.
bxc3 Re8+ 9. Be2 Bc5 10. O-O b6 11. Nf5 Qf6 12. g4 Bb7 13. g5 Qxf5 0-1

[Event "AUTO-INT-2999"]
[Site "http://www.queenalice.com/game.php?id=1360496"]
[Date "2015.5.19"]
[Round "1"]
[White "daniel0176"]
[Black "ludimad"]
[Result "1-0"]
[WhiteElo "1626"]
[BlackElo "1461"]

1. e4 d6 2. d4 g6 3. Nc3 Bg7 4. Be3 Nc6 5. Bc4 e5 6. Qf3 Nf6 7. Nge2 Bg4 8. Qg3
Bxe2 9. Nxe2 exd4 10. Bg5 O-O 11. O-O Nxe4 12. Qf4 Qe8 13. Rad1 Na5 14. Nxd4 1-0